000 00858nam a22002532 4500
001 8915
003 BD-RjUL
005 20211208234659.0
008 140119s1952 enk 000 0 eng d
035 _a(BD-RjUL)8960
_aOCLC ocm12858988 from D971110M
040 _aEUN
_cEUN
_dUKM
_dEQO
_dBD-RjUL
_beng
041 _aeng
082 0 4 _a523.2
_218
_bURP 1952
100 1 _aUrey, Harold Clayton,
_d1893-1981
_927699
245 1 4 _aThe planets :
_btheir origin and development /
_cby Harold C. Urey.
260 _aLondon :
_bOxford University Press,
_c1952.
300 _axvii, 245 p. :
_bill. ;
_c24 cm.
490 1 _aYale University. Mrs. Hepsa Ely Silliman memorial lectures ;
_v1951
504 _aIncludes index.
650 0 _aPlanetary theory.
_927700
830 0 _v1951.
_927706
830 0 _aMrs. Hepsa Ely Silliman memorial lectures ;
_927707
942 _2ddc
_cBK
999 _c8915
_d8915